1865 1940 1866 1146 1986 1938 1254 1346 1250 1177 1774 1634 1106 1209 1448 1024 1520 1285 1923 1420 1985 1448 1488 1644 1194 1334 1984 1707 1735 1768 1318 1495 1756 1222 1212 1587 1000 1436 1830 1228 1902 1993 1531 1974 1614 1447 1534 1770 1722 1970 1635 1130 1592 1124 1648 1446 1915 1433 1137 1710 1148 1684 1098 1974 1446 1754 1499 1717 1452 1512 1193 1648 1397 1553 1487 1285 1420 1319 1423 1338 1235 1949 1978 1825 1506 1529 1295 1808 1257 1226 1624 1381 1480 1562 1994 1772 1994 1964 1385 BCNSPRNW ULIB Ver.6.0+V

เปลี่ยนเป็นภาษาไทย

Change to English
 แสดงรายละเอียดบรรณานุกรม
  กลับหน้าหลัก

Brief Record : Get Marc (ISO 2709) : E-mail record : QR code < ปิดหน้าต่าง
LEADER : 00000nas 2200000uu 4500
001    13399127613
003     ULIB
008    210308s2563||||th 000 0 tha d
022 0  ^a01257323
245 00 ^aวารสารการแพทย์เขต 4-5 = REGION 4-5 MEDICAL JOURNAL/^cชมรมแพทย์เขต 4-5
310    ^aรายสามเดือน
850 ^a ULIB^bปีที่ 39 ฉบับที่ 4 ฉ.1 ;ปีที่ 41 ฉบับที่ 4 ฉ.1
945    ^p0^l0^i905672
945    ^p0^l0^i906069
999    ^aประนอม เกษจรัล
รายการนี้ยังไม่มีแท็ก
คุณยังไม่ได้ล็อกอิน คุณสามารถมีกิจกรรมร่วมกับเว็บไซต์ได้ แต่ต้องล็อกอินก่อน ::
  ล็อกอิน

รายการสื่อสารสนเทศ (วารสาร)

ดูแบบ: กล่อง รายการ
ARRIVED
ปีที่ 39 ฉบับที่ 4 ฉ.1
สถานที่: ห้องสมุดวิทยาเขตสวรรค์ประชารักษ์ >วารสาร
ARRIVED
ปีที่ 41 ฉบับที่ 4 ฉ.1
สถานที่: ห้องสมุดวิทยาเขตสวรรค์ประชารักษ์ >วารสาร

BibComment


ยังไม่เคยถูกคอมเมนท์

คอมเมนท์ทรัพยากรรายการนี้
  คอมเมนท์: วารสารการแพทย์เข..


 Copyright 2026. Bcnsprnw @Library